000 00496cam a2200205 4500
001 D9893
008 090401t1969 xxu||||| |||| 00| 0 eng d
035 _a(Sirsi) u23161
041 _aeng
050 _a692.5
100 _aWillis, Arthur J
245 _aElements of quantity surveying
250 _a6th metric
260 _aLondon
_bCrosby Lockwood and Son
_c1969
300 _axiv. 254p. 26cm
350 _a1.75
700 _aWillis, Christopher J
942 _n0
948 _c04/03/1997
999 _c88333
_d88333